Fr. Conceicao Rodrigues College of Engineering

Make:Getting started with sensors (Record no. 20581)

MARC details
000 -LEADER
fixed length control field 00358nam a2200169Ia 4500
082 ## - DEWEY DECIMAL CLASSIFICATION NUMBER
Item number KAR
100 ## - MAIN ENTRY--PERSONAL NAME
Personal name Karvinen/Kimmo/ karvinen/Tero
245 ## - TITLE STATEMENT
Title Make:Getting started with sensors
260 ## - PUBLICATION, DISTRIBUTION, ETC.
Name of publisher, distributor, etc. SPD
Date of publication, distribution, etc. 2014
366 ## - TRADE AVAILABILITY INFORMATION
Publishers's discount category 25
300 ## - PHYSICAL DESCRIPTION
Extent 125
546 ## - LANGUAGE NOTE
Language note ENGLISH
-- PAMPHALETS
650 ## - SUBJECT ADDED ENTRY--TOPICAL TERM
Topical term or geographic name entry element sensors
654 ## - SUBJECT ADDED ENTRY--FACETED TOPICAL TERMS
Focus term sensors
942 ## - ADDED ENTRY ELEMENTS (KOHA)
Koha item type BOOK
Holdings
Withdrawn status Lost status Damaged status Not for loan Collection Home library Current library Date acquired Source of acquisition Cost, normal purchase price Inventory number Total Checkouts Full call number Barcode Date last seen Cost, replacement price Price effective from Koha item type
        CRC Fr. Agnel's C.Rodrigues College of Engineering Fr. Agnel's C.Rodrigues College of Engineering 17/03/2023 Allied Publisher 206.25 1258 dt 30.12.2015   KAR 23947 17/03/2023 275.00   BOOK